000 00523nmm a2200181Ia 4500
008 251105s9999||||xx |||||||||||||||||und||
041 _aspa
100 _aSheridan, Mia
245 0 _aLa venganza de Ramsay
264 _a[Madrid, España] :
_bEdiciones Pàmies,
_c[Fecha de publicación no identificada]
300 _a320 páginas
490 _aPhoebe
650 _aRomance
700 _aSheridan, Mia
700 1 _a Losada Rey, Maria José
856 _uhttps://public.digitaliapublishing.com/a/96472
942 _cCF
999 _c71372
_d71372